| 000 | 00433nam a2200157 i 4500 | ||
|---|---|---|---|
| 001 | 88616 | ||
| 003 | ES-MaACL | ||
| 005 | 20230906175907.0 | ||
| 007 | t| | ||
| 008 | 050105s1960 sp ||||1| spa d | ||
| 100 | 1 |
_aLana Sarrate, I. _969888 |
|
| 245 | 1 | 0 |
_aIntroducción a la automática / _cI. Lana Sarrate. |
| 260 |
_aBarcelona : _bReverté, _c1960. |
||
| 300 |
_a233 p. : _bil. ; _c22 cm. |
||
| 852 |
_aES-MaACL _jC-19778 _bR.47657 |
||
| 999 |
_c88616 _d88616 |
||